| 000 | 00971cam a2200289 4500 | ||
|---|---|---|---|
| 001 | 4085816 | ||
| 003 | NUST | ||
| 005 | 20220420104145.0 | ||
| 008 | 731010s1972 ii 000 0 eng | ||
| 010 | _a 72930653 | ||
| 038 | _aMuhammad Ibrahim | ||
| 040 |
_aDLC _cDLC _dDLC |
||
| 043 | _aa-ii--- | ||
| 050 | 0 | 0 |
_aBP170.8 _b.M37 |
| 082 | 0 | 0 |
_a297.2 _bMAS 1972 |
| 100 | 1 |
_aMashriqī, ʻInāyatullāh K̲h̲ān̲, _d1888-1963. _991057 |
|
| 245 | 1 | 0 |
_aMan's destiny _cby Inayat Ullah Khan al-Mashriqi. [Edited by Shabbir Hussain. _bA mathematician’s view of the breath-taking climb that awaits Man to reach his ultimate destiny |
| 260 |
_aIslamabad _bEl-Mashriqi Foundation _c[1972] |
||
| 300 |
_a120 p. _c18 cm. |
||
| 350 | _aRs4.00 | ||
| 563 | _aH.B | ||
| 610 | 2 | 0 |
_aK̲h̲āksār Taḥrīk. _991058 |
| 650 | 0 |
_aIslam _xUniversality. _96195 |
|
| 700 | 0 |
_aShabbir Hussain, _eed. _991059 |
|
| 906 |
_a7 _bcbc _corignew _d4 _encip _f19 _gy-gencatlg |
||
| 942 |
_2ddc _cBK |
||
| 999 |
_c589243 _d589243 |
||